|
|
|
|
| LEADER |
01086nam a2200313 a 4500 |
| 001 |
000265970 |
| 003 |
CZ BrMZK |
| 005 |
20151130093758.0 |
| 007 |
ta |
| 008 |
990305s1999 xr a 1 eng d |
| 015 |
|
|
|a cnb000733985
|
| 020 |
|
|
|a 80-00-00733-9
|
| 035 |
|
|
|a (OCoLC)42820551
|
| 040 |
|
|
|a BOA001
|b cze
|
| 072 |
|
7 |
|a 821-93
|x Literatura pro děti a mládež (beletrie)
|2 Konspekt
|9 26
|
| 080 |
|
|
|a 821-93
|2 MRF
|
| 080 |
|
|
|a (0.025.2)
|2 MRF
|
| 100 |
1 |
|
|a Zmatlíková, Helena,
|d 1923-2005
|7 jk01152754
|4 ill
|
| 245 |
1 |
0 |
|a Mother Mouse /
|c illustrations by Helena Zmatlíková ; [chosen from nursery rhymes by Olga Štruncová]
|
| 250 |
|
|
|a 1st Engl. ed.
|
| 260 |
|
|
|a Prague :
|b Albatros,
|c 1999
|
| 300 |
|
|
|a [12] s. :
|b barev. il. ;
|c 13 x 16 cm
|
| 500 |
|
|
|a Leporelo
|
| 655 |
|
7 |
|a leporela
|7 fd132727
|2 czenas
|
| 655 |
|
7 |
|a publikace pro děti
|7 fd133156
|2 czenas
|
| 700 |
1 |
|
|a Štruncová, Olga,
|d 1926-
|7 jk01131543
|4 aut
|
| 910 |
|
|
|a BOA001
|b M1-1062.520
|
| 990 |
|
|
|a BK
|
| 996 |
7 |
|
|b 2610098380
|c M1-1062.520
|l MZK
|r Sklad / do 24 hodin
|n 1
|p p.v.
|w 000265970
|u 000010
|a 1
|e BOA001
|j MZK50
|s A
|